000
00271nam a2200133Ia 4500
100
_a
Feibel/W
942
_c
BK
654
_a
Quick C
245
_a
Advanced Quick C
260
_b
Osborne McGraw Hill
_a
Berkeley
_c
1989
300
_a
746
546
_a
ENGLISH
999
_c
31808
_d
31808